[Event "Singapore op"]
[Site "Singapore SIN"]
[Date "2008.12.13"]
[Round "7"]
[White "Yang, Kaiqi"]
[Black "Anasrullah"]
[Result "1-0"]
[WhiteElo "2429"]
[BlackElo "2290"]
[PlyCount "311"]
[EventDate "2008.12.10"]
[EventType "swiss"]
[EventRounds "9"]
[EventCountry "SIN"]

1. e4 e5 2. Nf3 Nc6 3. Bb5 a6 4. Ba4 Nf6 5. O-O Be7 6. Re1 b5 7. Bb3 d6 8. c3
O-O 9. d4 Bg4 10. Be3 Re8 11. Nbd2 Bf8 12. a4 Na5 13. Ba2 c5 14. h3 Bh5 15. Bg5
h6 16. Bxf6 Qxf6 17. Bd5 b4 18. cxb4 cxb4 19. Bxa8 Rxa8 20. d5 g5 21. Qc2 Qd8
22. Rac1 Nb7 23. g4 Bg6 24. Qc7 Nc5 25. Qxd8 Rxd8 26. Rxc5 dxc5 27. Nxe5 Bh7
28. Ndc4 Re8 29. f3 f6 30. Nc6 Rc8 31. Rd1 Bg6 32. N6a5 Be8 33. d6 Bxa4 34. b3
Bb5 35. Nb7 Bxc4 36. bxc4 Bxd6 37. Rxd6 Rb8 38. Rb6 a5 39. Rb5 b3 40. Nd6 Rd8
41. e5 a4 42. Ne4 a3 43. Rxb3 a2 44. Ra3 Rd1+ 45. Kg2 a1=Q 46. Rxa1 Rxa1 47.
exf6 Kf7 48. Kg3 Ra3 49. Nxc5 Kxf6 50. Ne4+ Ke5 51. c5 Ra1 52. Nd6 Rg1+ 53. Kf2
Rc1 54. Ke3 Rg1 55. Kf2 Ra1 56. Kg3 Ra6 57. Nf7+ Kd5 58. h4 Rf6 59. Nd6 Kd4 60.
hxg5 hxg5 61. Ne4 Rg6 62. c6 Ke3 63. c7 Rc6 64. Nxg5 Rxc7 65. Nh3 Rc3 66. Nf4
Rc1 67. Ng2+ Kd4 68. g5 Ke5 69. f4+ Ke6 70. Nh4 Rg1+ 71. Kf3 Kf7 72. Ke4 Rg4
73. Nf3 Ke6 74. Ne5 Rh4 75. Nf3 Rg4 76. Nd4+ Kf7 77. Kf5 Rg1 78. Nf3 Rg3 79.
Ne5+ Kg7 80. Ke4 Rg1 81. Nf3 Rg4 82. Ke5 Rg3 83. Ke4 Rg4 84. Ke3 Kh7 85. Ne5
Rg1 86. Nf3 Rg4 87. Ne5 Rg1 88. Kf3 Kg7 89. Kf2 Rb1 90. Kg3 Rg1+ 91. Kf2 Rb1
92. Nf3 Kg6 93. Kg3 Kh5 94. f5 Rb5 95. g6 Rxf5 96. g7 Rf7 97. g8=R Rf6 98. Ne5
Re6 99. Kf4 Rf6+ 100. Ke4 Kh4 101. Nd3 Kh5 102. Ke5 Rf7 103. Nf4+ Kh4 104. Ke4
Re7+ 105. Kd3 Rd7+ 106. Ke2 Re7+ 107. Kf2 Ra7 108. Nd5 Rf7+ 109. Ke3 Kh5 110.
Ke4 Kh4 111. Ne3 Re7+ 112. Kf4 Rf7+ 113. Nf5+ Kh3 114. Rg5 Ra7 115. Kf3 Ra3+
116. Ne3 Kh4 117. Rb5 Rc3 118. Kf4 Ra3 119. Nf5+ Kh3 120. Rb2 Ra4+ 121. Kg5
Rg4+ 122. Kf6 Ra4 123. Rb3+ Kg4 124. Ng7 Rf4+ 125. Kg6 Re4 126. Nh5 Ra4 127.
Nf6+ Kh4 128. Rb1 Rd4 129. Rg1 Ra4 130. Kf5 Ra5+ 131. Kf4 Ra4+ 132. Ne4 Kh5
133. Kf5 Ra5+ 134. Ke6 Ra6+ 135. Nd6 Kh4 136. Rg8 Kh5 137. Ke5 Ra5+ 138. Kf4
Rc5 139. Ne4 Ra5 140. Ng3+ Kh6 141. Nf5+ Kh7 142. Rg7+ Kh8 143. Rd7 Kg8 144.
Kg5 Ra6 145. Nd6 Ra1 146. Kf6 Rf1+ 147. Nf5 Rf2 148. Rd1 Kh7 149. Rg1 Kh8 150.
Rg5 Kh7 151. Kf7 Rh2 152. Rg7+ Kh8 153. Rg3 Rh7+ 154. Kf8 Rh1 155. Nd6 Kh7 156.
Rg7+ 1-0

[Event "Singapore op"]
[Site "Singapore SIN"]
[Date "2008.12.13"]
[Round "8"]
[White "Sukandar, Irene Kharisma"]
[Black "Yang, Kaiqi"]
[Result "1-0"]
[WhiteElo "2303"]
[BlackElo "2429"]
[PlyCount "87"]
[EventDate "2008.12.10"]
[EventType "swiss"]
[EventRounds "9"]
[EventCountry "SIN"]

1. e4 c5 2. Nf3 d6 3. d4 cxd4 4. Nxd4 Nf6 5. Nc3 g6 6. Be2 Bg7 7. O-O O-O 8.
Bg5 Nc6 9. Nb3 a5 10. a4 Be6 11. Kh1 Rc8 12. f4 Nb4 13. Nd4 Bc4 14. Ndb5 Qb6
15. Qd2 Rfe8 16. Rad1 Qc5 17. Rfe1 Bxe2 18. Rxe2 Nd7 19. Bh4 Qh5 20. Bf2 Nc5
21. Na7 Rcd8 22. e5 Ne6 23. Bb6 Bh6 24. Rf2 Rd7 25. Bxa5 Na6 26. Nab5 d5 27.
Nd4 Nac5 28. Nxe6 Nxe6 29. Ne2 d4 30. Bb6 Rd5 31. Qd3 f6 32. Qc4 Nxf4 33. Nxf4
Bxf4 34. Rxf4 Qxd1+ 35. Rf1 Qxf1+ 36. Qxf1 fxe5 37. Qf3 e6 38. Kg1 Rf8 39. Qg4
Rf5 40. b4 Kg7 41. Bc5 h5 42. Qe2 h4 43. Qb5 Rf7 44. Qe8 1-0

[Event "Singapore op"]
[Site "Singapore SIN"]
[Date "2008.12.14"]
[Round "9"]
[White "Yang, Kaiqi"]
[Black "Fernandez, Daniel"]
[Result "1-0"]
[WhiteElo "2429"]
[BlackElo "2212"]
[PlyCount "63"]
[EventDate "2008.12.10"]
[EventType "swiss"]
[EventRounds "9"]
[EventCountry "SIN"]

1. e4 e5 2. Nf3 Nc6 3. Bb5 a6 4. Ba4 Nf6 5. O-O Be7 6. Re1 b5 7. Bb3 d6 8. c3
O-O 9. d4 exd4 10. cxd4 Bg4 11. Be3 Na5 12. Bc2 c5 13. dxc5 dxc5 14. Nbd2 Qc7
15. h3 Bh5 16. e5 Nd5 17. Qb1 Bg6 18. Bxg6 hxg6 19. Bg5 Rfe8 20. Qe4 Bxg5 21.
Nxg5 Nf6 22. Qf3 Nh7 23. Nde4 Nxg5 24. Nxg5 Rad8 25. Qg3 Qc8 26. Qh4 Qf5 27. e6
fxe6 28. Qh7+ Kf8 29. Qh8+ Ke7 30. Rxe6+ Kd7 31. Rxe8 Rxe8 32. Rd1+ 1-0

[Event "Seoul op"]
[Site "Seoul KOR"]
[Date "2008.12.01"]
[Round "1"]
[White "Yang, Kaiqi"]
[Black "Iwasaki, Yudai"]
[Result "1-0"]
[WhiteElo "2429"]
[BlackElo "2110"]
[PlyCount "79"]
[EventDate "2008.12.01"]
[EventType "swiss"]
[EventRounds "9"]
[EventCountry "KOR"]
[Source "ChessBase"]
[SourceDate "2009.11.30"]

1. e4 c5 2. Nc3 Nc6 3. Nf3 d6 4. d4 cxd4 5. Nxd4 Nf6 6. Bc4 Bd7 7. Bb3 g6 8.
Be3 Ng4 9. Nxc6 bxc6 10. Bd4 e5 11. Qf3 Qe7 12. Be3 Nxe3 13. Qxe3 h5 14. Rd1
Qf6 15. O-O Be7 16. f4 O-O 17. f5 g5 18. Ne2 Kg7 19. Rd3 Rh8 20. Ba4 Bd8 21.
Qd2 Bb6+ 22. Kh1 d5 23. exd5 e4 24. Rg3 e3 25. Qb4 c5 26. Qc4 Bxa4 27. Qxa4
Rae8 28. d6 Re5 29. Qf4 Kh6 30. Rxg5 Qxg5 31. Qxe5 f6 32. Qe4 Rd8 33. Rd1 c4
34. g3 Qg4 35. Qxg4 hxg4 36. Kg2 Rd7 37. Rd5 a6 38. b3 cxb3 39. axb3 Kg7 40. c4
1-0

[Event "Seoul op"]
[Site "Seoul KOR"]
[Date "2008.12.01"]
[Round "2"]
[White "Diu, Viacheslav"]
[Black "Yang, Kaiqi"]
[Result "0-1"]
[WhiteElo "2453"]
[BlackElo "2429"]
[PlyCount "138"]
[EventDate "2008.12.01"]
[EventType "swiss"]
[EventRounds "9"]
[EventCountry "KOR"]
[Source "ChessBase"]
[SourceDate "2009.11.30"]

1. e4 c5 2. Nc3 a6 3. Nf3 d6 4. d4 cxd4 5. Nxd4 Nf6 6. Bg5 e6 7. f4 Nbd7 8. Qf3
h6 9. Bh4 e5 10. Nf5 exf4 11. Qxf4 g5 12. Nxd6+ Bxd6 13. Qxd6 gxh4 14. e5 Qe7
15. Qxe7+ Kxe7 16. exf6+ Nxf6 17. Be2 b5 18. Bf3 Rb8 19. O-O-O Be6 20. Rd4 h3
21. gxh3 Bxh3 22. Re1+ Be6 23. Ne2 Nh7 24. Nf4 Rhd8 25. Nxe6 fxe6 26. Rh4 Ng5
27. Bg2 Nf7 28. a4 Rd6 29. c3 Rg8 30. Re2 Rg5 31. Kc2 Kf6 32. Bh3 bxa4 33. Rxa4
Rh5 34. Rf2+ Ke7 35. Bf1 a5 36. Rc4 Rd7 37. Rc6 Re5 38. Ra6 Nd6 39. Re2 Rh5 40.
h3 Rc7 41. Bg2 Rcc5 42. Kd3 Rhe5 43. Rxe5 Rxe5 44. c4 Rg5 45. Bc6 Rg3+ 46. Kd4
Rxh3 47. c5 Rh4+ 48. Kd3 Nc4 49. b3 Ne5+ 50. Kc3 Rh3+ 51. Kd4 Nxc6+ 52. Rxc6
Rxb3 53. Rc7+ Kf6 54. c6 e5+ 55. Kd5 Rd3+ 56. Kc5 e4 57. Rh7 Kg5 58. c7 e3 59.
Kb6 Rc3 60. Kb7 h5 61. c8=Q Rxc8 62. Kxc8 h4 63. Kd7 Kg4 64. Kc6 e2 65. Re7 Kf3
66. Kc5 h3 67. Rf7+ Ke3 68. Re7+ Kd2 69. Rd7+ Kc3 0-1

[Event "Seoul op"]
[Site "Seoul KOR"]
[Date "2008.12.02"]
[Round "3"]
[White "Yang, Kaiqi"]
[Black "Filippov, Anton"]
[Result "1/2-1/2"]
[WhiteElo "2429"]
[BlackElo "2543"]
[PlyCount "48"]
[EventDate "2008.12.01"]
[EventType "swiss"]
[EventRounds "9"]
[EventCountry "KOR"]
[Source "ChessBase"]
[SourceDate "2009.11.30"]

1. e4 e5 2. Nf3 Nc6 3. Bb5 a6 4. Bxc6 dxc6 5. O-O Bg4 6. h3 Bxf3 7. Qxf3 Qd7 8.
d3 Bd6 9. Nd2 Ne7 10. Nc4 O-O 11. Bd2 c5 12. Qh5 f6 13. Kh1 Ng6 14. Rae1 b5 15.
Ne3 Rfd8 16. Qg4 Qf7 17. b3 Kh8 18. h4 Nf8 19. g3 c4 20. dxc4 Bc5 21. Bc3 Bxe3
22. Rxe3 bxc4 23. Qe2 cxb3 24. axb3 Qd7 1/2-1/2

[Event "Seoul op"]
[Site "Seoul KOR"]
[Date "2008.12.02"]
[Round "4"]
[White "Ehlvest, Jaan"]
[Black "Yang, Kaiqi"]
[Result "0-1"]
[WhiteElo "2581"]
[BlackElo "2429"]
[PlyCount "94"]
[EventDate "2008.12.01"]
[EventType "swiss"]
[EventRounds "9"]
[EventCountry "KOR"]
[Source "ChessBase"]
[SourceDate "2009.11.30"]

1. d4 Nf6 2. Nf3 g6 3. Bg5 Bg7 4. e3 O-O 5. Be2 d5 6. O-O c5 7. c3 Nbd7 8. Nbd2
b6 9. a4 Bb7 10. a5 h6 11. Bh4 g5 12. a6 Bc6 13. Bg3 Rc8 14. h4 Ne4 15. hxg5
Nxg3 16. fxg3 e6 17. gxh6 Bxh6 18. Kf2 Qf6 19. Rh1 e5 20. Rh4 Rfe8 21. Qh1 Bg7
22. Qh3 exd4 23. cxd4 cxd4 24. exd4 Nf8 25. Bd3 Bd7 26. Qh1 Ng6 27. Rh5 Bg4 28.
Rg5 Bxf3 29. Nxf3 Qe7 30. Re1 Bxd4+ 31. Kf1 Qxe1+ 32. Nxe1 Rxe1+ 33. Kxe1 Rc1+
34. Kd2 Rxh1 35. b4 Rg1 36. Bxg6 fxg6 37. Rxd5 Rxg2+ 38. Kd3 Bf6 39. Rd7 Rxg3+
40. Kc4 Rg4+ 41. Kb5 Bc3 42. Rxa7 Rxb4+ 43. Kc6 Ra4 44. Ra8+ Kg7 45. a7 Bd4 46.
Rd8 Rxa7 47. Rxd4 g5 0-1

[Event "Seoul op"]
[Site "Seoul KOR"]
[Date "2008.12.03"]
[Round "5"]
[White "Yang, Kaiqi"]
[Black "Kim, Alexey"]
[Result "1/2-1/2"]
[WhiteElo "2429"]
[BlackElo "2481"]
[PlyCount "48"]
[EventDate "2008.12.01"]
[EventType "swiss"]
[EventRounds "9"]
[EventCountry "KOR"]
[Source "ChessBase"]
[SourceDate "2009.11.30"]

1. e4 c5 2. Nc3 e6 3. Nf3 Nc6 4. d4 cxd4 5. Nxd4 Qc7 6. Be3 a6 7. Qd2 Nf6 8.
O-O-O b5 9. f3 Bb7 10. g4 h6 11. h4 Rc8 12. Nxc6 Bxc6 13. Bd3 d5 14. g5 dxe4
15. Nxe4 Bxe4 16. Bxe4 Nxe4 17. fxe4 hxg5 18. hxg5 Rxh1 19. Rxh1 Qc4 20. Rh8
Qf1+ 21. Qd1 Qxd1+ 22. Kxd1 Kd7 23. Bd4 Be7 24. Rh7 Rg8 1/2-1/2

[Event "Seoul op"]
[Site "Seoul KOR"]
[Date "2008.12.03"]
[Round "6"]
[White "Sadorra, Julio"]
[Black "Yang, Kaiqi"]
[Result "1/2-1/2"]
[WhiteElo "2431"]
[BlackElo "2429"]
[PlyCount "122"]
[EventDate "2008.12.01"]
[EventType "swiss"]
[EventRounds "9"]
[EventCountry "KOR"]
[Source "ChessBase"]
[SourceDate "2009.11.30"]

1. Nf3 Nf6 2. c4 g6 3. Nc3 Bg7 4. e4 d6 5. d4 O-O 6. Be2 e5 7. O-O Nc6 8. d5
Ne7 9. b4 a5 10. bxa5 Rxa5 11. a4 Ne8 12. Bd2 Ra8 13. Qc1 Kh8 14. a5 Ng8 15. c5
f5 16. c6 bxc6 17. dxc6 Ngf6 18. Bg5 h6 19. Bxh6 Nxe4 20. Nxe4 fxe4 21. Bg5 Nf6
22. Nh4 Qe8 23. Ra3 Nh7 24. Rg3 Bf5 25. a6 d5 26. Qc5 Nxg5 27. Rxg5 Bf6 28.
Rxg6 Be7 29. Rh6+ Kg7 30. Nxf5+ Rxf5 31. Qe3 Rg5 32. Qh3 Qg8 33. Rh5 Rxh5 34.
Qxh5 Qe6 35. Rd1 d4 36. Bg4 Qxc6 37. Qxe5+ Bf6 38. Qf4 Rxa6 39. Bf5 e3 40. fxe3
dxe3 41. Qxe3 Ra1 42. Qg3+ Kf8 43. Rxa1 Qc5+ 44. Kh1 Bxa1 45. h4 Be5 46. Qe1
Qc3 47. Qxc3 Bxc3 48. Kh2 Kg7 49. Kh3 Kf6 50. Kg4 Bd2 51. Bd3 c5 52. Kh5 Kg7
53. g4 Ba5 54. g5 Bd8 55. Kg4 Be7 56. Kf5 Bd8 57. Bf1 Be7 58. Ba6 Bd8 59. Bd3
Be7 60. Ke6 Bd8 61. Bc2 c4 1/2-1/2

[Event "Seoul op"]
[Site "Seoul KOR"]
[Date "2008.12.04"]
[Round "7"]
[White "Yang, Kaiqi"]
[Black "Pak, Yevgeniy"]
[Result "1-0"]
[WhiteElo "2429"]
[BlackElo "2243"]
[PlyCount "87"]
[EventDate "2008.12.01"]
[EventType "swiss"]
[EventRounds "9"]
[EventCountry "KOR"]
[Source "ChessBase"]
[SourceDate "2009.11.30"]

1. e4 c5 2. Nf3 Nc6 3. Nc3 d6 4. d4 cxd4 5. Nxd4 e5 6. Nf3 Be7 7. Bc4 Nf6 8. h3
Be6 9. Bb3 h6 10. O-O O-O 11. Re1 Na5 12. Nh2 Rc8 13. Nf1 a6 14. Qd3 Nxb3 15.
axb3 Nd7 16. Ne3 Nc5 17. Qe2 Bg5 18. Rd1 Rc6 19. b4 Nd7 20. Ncd5 Nb6 21. b3
Bxd5 22. Nxd5 Bxc1 23. Raxc1 Nxd5 24. Rxd5 Qc7 25. c4 b5 26. c5 Rc8 27. Kh2
dxc5 28. Rcxc5 Qb6 29. Qe3 Rxc5 30. bxc5 Qf6 31. b4 Rc6 32. g3 Qe7 33. Kg2 Qc7
34. Qc3 Re6 35. Qd3 Kf8 36. Rd7 Qc6 37. Qd5 g6 38. Rd8+ Kg7 39. Rb8 Qc7 40. Rb7
Qc8 41. Rb6 Re7 42. Rd6 h5 43. c6 Qb8 44. Rd7 1-0

[Event "Seoul op"]
[Site "Seoul KOR"]
[Date "2008.12.04"]
[Round "8"]
[White "Sitanggang, Salor"]
[Black "Yang, Kaiqi"]
[Result "1/2-1/2"]
[WhiteElo "2375"]
[BlackElo "2429"]
[PlyCount "37"]
[EventDate "2008.12.01"]
[EventType "swiss"]
[EventRounds "9"]
[EventCountry "KOR"]
[Source "ChessBase"]
[SourceDate "2009.11.30"]

1. d4 Nf6 2. Nf3 g6 3. c4 Bg7 4. Nc3 O-O 5. Bf4 d5 6. e3 c5 7. dxc5 Qa5 8. Rc1
Ne4 9. Be5 Nxc3 10. Qd2 Bxe5 11. Nxe5 Be6 12. Qxc3 Qxc5 13. b4 Qc7 14. c5 Nd7
15. Nf3 Nf6 16. Bd3 d4 17. Nxd4 Bxa2 18. O-O a6 19. Rfd1 1/2-1/2

[Event "Pichay Cup"]
[Site "Manila PHI"]
[Date "2008.09.14"]
[Round "1"]
[White "Yang, Kaiqi"]
[Black "Gonzales, Jayson"]
[Result "0-1"]
[WhiteElo "2366"]
[BlackElo "2524"]
[PlyCount "164"]
[EventDate "2008.09.14"]
[EventType "swiss"]
[EventRounds "9"]
[EventCountry "PHI"]
[Source "Mark Crowther"]
[SourceDate "2008.09.22"]

1. e4 e6 2. d4 d5 3. Nc3 Nc6 4. Nf3 Nf6 5. Bg5 Be7 6. e5 Ne4 7. Bxe7 Qxe7 8. a3
Bd7 9. Bd3 Ng5 10. Be2 Nxf3+ 11. Bxf3 O-O-O 12. Qd2 f6 13. exf6 Qxf6 14. O-O-O
g5 15. h4 gxh4 16. Kb1 Rhf8 17. Qe3 Kb8 18. Rd2 h6 19. Na2 Qg5 20. Nb4 Nxb4 21.
axb4 a6 22. Re2 Rf4 23. Qc3 Rdf8 24. Re5 R4f5 25. Re3 Rf4 26. Qd2 Qf6 27. Re5
Rg8 28. c3 Rg5 29. Re2 c6 30. Qe3 Kc7 31. Kc2 Kd6 32. Kd2 Be8 33. Rhe1 Bf7 34.
Rh1 Kd7 35. Kc1 Bg8 36. b3 Rg7 37. Qe5 Qg5 38. Re3 Qxe5 39. Rxe5 Rg5 40. Re2
Kd6 41. Kd2 e5 42. dxe5+ Rxe5 43. Rxe5 Kxe5 44. Re1+ Kd6 45. Ke3 Ke5 46. Kd2+
Kf6 47. Re8 Bf7 48. Re1 d4 49. cxd4 Rxd4+ 50. Kc3 Rf4 51. Re3 Bd5 52. Bxd5 cxd5
53. Re2 Re4 54. Rd2 Ke5 55. Rd3 Rg4 56. Re3+ Kd6 57. Rh3 Ke5 58. g3 hxg3 59.
fxg3 Ke4 60. b5 axb5 61. Kb4 d4 62. Rxh6 Rxg3 63. Re6+ Kd3 64. Rd6 Rg5 65. Rd7
Re5 66. Rxb7 Ke2 67. Rh7 d3 68. Rh2+ Ke3 69. Rh3+ Kd4 70. Rh4+ Re4 71. Rh2 Ke3+
72. Kxb5 d2 73. Rh1 Kd3 74. b4 Re1 75. Rh8 d1=Q 76. Rd8+ Ke4 77. Rxd1 Rxd1 78.
Kc6 Rc1+ 79. Kd6 Rb1 80. Kc5 Ke5 81. b5 Rc1+ 82. Kb6 Kd6 0-1

[Event "Pichay Cup"]
[Site "Manila PHI"]
[Date "2008.09.15"]
[Round "2"]
[White "Branzuela, Ali"]
[Black "Yang, Kaiqi"]
[Result "1/2-1/2"]
[WhiteElo "2209"]
[BlackElo "2366"]
[PlyCount "128"]
[EventDate "2008.09.14"]
[EventType "swiss"]
[EventRounds "9"]
[EventCountry "PHI"]
[Source "Mark Crowther"]
[SourceDate "2008.09.22"]

1. c4 Nf6 2. Nc3 g6 3. e4 d6 4. d4 Bg7 5. Nf3 O-O 6. Be2 e5 7. O-O Nc6 8. d5
Ne7 9. b4 c6 10. dxc6 bxc6 11. Ba3 Re8 12. Qb3 Qc7 13. Rfd1 Nh5 14. c5 d5 15.
exd5 Nxd5 16. Nxd5 cxd5 17. Qxd5 Bg4 18. Bc4 h6 19. Bb2 e4 20. Bxg7 Nxg7 21.
Nd4 Rad8 22. Nb5 Rxd5 23. Nxc7 Rxd1+ 24. Rxd1 Bxd1 25. Nxe8 Nxe8 26. b5 Ba4 27.
b6 axb6 28. cxb6 Nf6 29. Bd5 Nd7 30. b7 Bc2 31. Kf1 e3 32. fxe3 Kf8 33. Ke2 Ke7
34. Kd2 Ba4 35. Kc3 f5 36. Kb4 Bc2 37. Bc6 Nb8 38. Kc5 Kd8 39. Kd6 g5 40. g3
Bd3 41. a4 Bf1 42. a5 h5 43. h4 gxh4 44. gxh4 Be2 45. Bd5 Na6 46. Bg2 Nb8 47.
Bh1 Na6 48. Bc6 Nb8 49. Bd5 Na6 50. Be6 Bf3 51. Bc8 Be4 52. Ke5 Kc7 53. Bxf5
Bxb7 54. Bg6 Nb4 55. Bxh5 Nc6+ 56. Kf6 Nxa5 57. Bg6 Bf3 58. e4 Nc4 59. e5 Nxe5
60. Kxe5 Kd7 61. Kf6 Kd6 62. Bf5 Bh5 63. Bd3 Bf3 64. Bc4 Bd1 1/2-1/2

[Event "Pichay Cup"]
[Site "Manila PHI"]
[Date "2008.09.15"]
[Round "3"]
[White "Yang, Kaiqi"]
[Black "Xu Tong"]
[Result "1-0"]
[WhiteElo "2366"]
[BlackElo "2249"]
[PlyCount "57"]
[EventDate "2008.09.14"]
[EventType "swiss"]
[EventRounds "9"]
[EventCountry "PHI"]
[Source "Mark Crowther"]
[SourceDate "2008.09.22"]

1. e4 c5 2. Nc3 a6 3. Nge2 b5 4. d4 cxd4 5. Nxd4 e6 6. Bd3 Qc7 7. O-O Nf6 8.
Qe2 Bb7 9. Kh1 Nc6 10. Nxc6 Bxc6 11. e5 Nd5 12. Nxd5 Bxd5 13. b3 Bc5 14. Bb2 h5
15. c4 bxc4 16. Bxc4 Bc6 17. Rac1 Qb6 18. f4 g6 19. Bd3 Bb5 20. Rf3 O-O 21. a4
Bxd3 22. Rxd3 Rfd8 23. f5 exf5 24. a5 Qa7 25. e6 d6 26. Rg3 Kh7 27. e7 Re8 28.
Bf6 Bd4 29. Qc4 1-0

[Event "Pichay Cup"]
[Site "Manila PHI"]
[Date "2008.09.16"]
[Round "5"]
[White "Yang, Kaiqi"]
[Black "Ballecer, Dino"]
[Result "1-0"]
[WhiteElo "2366"]
[BlackElo "2419"]
[PlyCount "125"]
[EventDate "2008.09.14"]
[EventType "swiss"]
[EventRounds "9"]
[EventCountry "PHI"]
[Source "Mark Crowther"]
[SourceDate "2008.09.22"]

1. e4 c5 2. Nc3 Nc6 3. Nf3 d6 4. d4 cxd4 5. Nxd4 Nf6 6. Bg5 e6 7. Qd2 Be7 8.
O-O-O O-O 9. f4 Nxd4 10. Qxd4 a6 11. Be2 b5 12. Bf3 Bb7 13. e5 Bxf3 14. exf6
gxf6 15. gxf3 fxg5 16. Ne4 d5 17. Nxg5 Bf6 18. Qd3 Bxg5 19. Rhg1 Qf6 20. fxg5
Qg6 21. Rg4 Rac8 22. c3 Rc4 23. Rxc4 bxc4 24. Qd4 Qg7 25. Qe3 Rd8 26. h4 Qg6
27. Qf4 h5 28. Qe5 Qg7 29. Qc7 Qf8 30. Qe5 Qg7 31. f4 Qxe5 32. fxe5 Kg7 33. Rd4
Rb8 34. Kc2 Rb5 35. Rf4 Ra5 36. Kb1 Rb5 37. Rf6 Rb6 38. Kc2 Rb5 39. Rf4 Rb6 40.
b3 cxb3+ 41. axb3 Rc6 42. Kb2 Kg6 43. Rf6+ Kg7 44. Rh6 Rc8 45. Rxh5 Rd8 46. Rh6
d4 47. Rf6 dxc3+ 48. Kxc3 Rd5 49. g6 Rxe5 50. gxf7 Kf8 51. Kd4 Rd5+ 52. Kc4 Rh5
53. Rxe6 Rxh4+ 54. Kc5 Rh5+ 55. Kc4 Kxf7 56. Rxa6 Ke7 57. Rc6 Kd7 58. Rc5 Rh8
59. b4 Rb8 60. b5 Ra8 61. b6 Ra1 62. Kb5 Kd6 63. Rc2 1-0

[Event "Pichay Cup"]
[Site "Manila PHI"]
[Date "2008.09.17"]
[Round "6"]
[White "Dao Thien Hai"]
[Black "Yang, Kaiqi"]
[Result "1-0"]
[WhiteElo "2489"]
[BlackElo "2366"]
[PlyCount "69"]
[EventDate "2008.09.14"]
[EventType "swiss"]
[EventRounds "9"]
[EventCountry "PHI"]
[Source "Mark Crowther"]
[SourceDate "2008.09.22"]

1. d4 Nf6 2. c4 g6 3. Nc3 Bg7 4. e4 d6 5. h3 O-O 6. Nf3 e5 7. d5 Nh5 8. Be3 Na6
9. Nd2 Qe8 10. g4 Nf4 11. Rg1 c6 12. Nb3 cxd5 13. cxd5 Nc7 14. Rc1 Bd7 15. f3
Bf6 16. Ne2 Bh4+ 17. Bf2 Bxf2+ 18. Kxf2 Nxe2 19. Bxe2 Qd8 20. Qd2 a5 21. Qe3 a4
22. Nd2 Nb5 23. Bxb5 Bxb5 24. Rc3 Kh8 25. Kg2 f5 26. Rgc1 Rf7 27. Qh6 Qf8 28.
Qg5 fxe4 29. Nxe4 Be2 30. Nd2 Re8 31. Qe3 Bb5 32. Ne4 h6 33. Rc7 Bd7 34. Rxb7
Kg7 35. Rcc7 1-0

[Event "Pichay Cup"]
[Site "Manila PHI"]
[Date "2008.09.18"]
[Round "7"]
[White "Yang, Kaiqi"]
[Black "Zhang, Ziyang"]
[Result "1/2-1/2"]
[WhiteElo "2366"]
[BlackElo "2441"]
[PlyCount "55"]
[EventDate "2008.09.14"]
[EventType "swiss"]
[EventRounds "9"]
[EventCountry "PHI"]
[Source "Mark Crowther"]
[SourceDate "2008.09.22"]

1. e4 c5 2. Nc3 Nc6 3. Bb5 Nd4 4. Bc4 g6 5. Nf3 Bg7 6. Nxd4 cxd4 7. Qf3 Nh6 8.
d3 O-O 9. Nd5 e6 10. Nf6+ Qxf6 11. Qxf6 Bxf6 12. Bxh6 Rd8 13. h4 d6 14. Bg5 Kg7
15. g4 Bd7 16. Bb3 Rdc8 17. Kd2 Rc5 18. f4 Rac8 19. Bxf6+ Kxf6 20. Rhc1 h5 21.
g5+ Ke7 22. c3 e5 23. fxe5 dxe5 24. Bd5 dxc3+ 25. Rxc3 Be6 26. Bxe6 Kxe6 27.
Rf1 Ke7 28. Rfc1 1/2-1/2

[Event "Pichay Cup"]
[Site "Manila PHI"]
[Date "2008.09.18"]
[Round "8"]
[White "Goh Wei Ming, Kevin"]
[Black "Yang, Kaiqi"]
[Result "0-1"]
[WhiteElo "2403"]
[BlackElo "2366"]
[PlyCount "76"]
[EventDate "2008.09.14"]
[EventType "swiss"]
[EventRounds "9"]
[EventCountry "PHI"]
[Source "Mark Crowther"]
[SourceDate "2008.09.22"]

1. e4 c5 2. Nf3 d6 3. d4 Nf6 4. Nc3 cxd4 5. Nxd4 Nc6 6. Bg5 e6 7. Qd2 a6 8.
O-O-O h6 9. Nxc6 bxc6 10. Bf4 d5 11. Qe3 Qe7 12. Bg3 Qc5 13. Qe1 Be7 14. f3 O-O
15. Bd3 a5 16. Bf2 Qb4 17. a3 Qb8 18. exd5 cxd5 19. Nb5 Ba6 20. Bg3 Qb7 21. Nc7
Bxd3 22. Rxd3 Ra7 23. Rb3 Qc6 24. Nb5 Ra6 25. Qe2 Qc4 26. Re1 Rb6 27. Bf2 Rb7
28. Nd4 Rxb3 29. Nxb3 Qf4+ 30. Be3 Qc7 31. g3 a4 32. Nd4 Rc8 33. Bf4 Qb6 34.
Qd3 Nd7 35. Kb1 Bf6 36. Be3 Rb8 37. Qc3 e5 38. Nc6 d4 0-1

[Event "Pichay Cup"]
[Site "Manila PHI"]
[Date "2008.09.19"]
[Round "9"]
[White "Yang, Kaiqi"]
[Black "Gomez, Joh"]
[Result "1/2-1/2"]
[WhiteElo "2366"]
[BlackElo "2457"]
[PlyCount "108"]
[EventDate "2008.09.14"]
[EventType "swiss"]
[EventRounds "9"]
[EventCountry "PHI"]
[Source "Mark Crowther"]
[SourceDate "2008.09.22"]

1. e4 e6 2. d4 d5 3. Nc3 Nf6 4. e5 Nfd7 5. Nce2 c5 6. c3 Nc6 7. f4 b5 8. a3 Be7
9. Nf3 O-O 10. g3 b4 11. axb4 cxb4 12. Bh3 bxc3 13. bxc3 a5 14. O-O Nb6 15. g4
Nc4 16. Ng3 Qb6 17. Rf2 f6 18. exf6 Bxf6 19. g5 Be7 20. Qe1 Nd8 21. Bf1 Ba6 22.
Bd3 Qc7 23. Nh4 g6 24. Qd1 Bd6 25. Qg4 Nb6 26. Bxg6 hxg6 27. Nxg6 Bd3 28. Nxf8
Kxf8 29. g6 Ra7 30. Qh5 Kg8 31. Ba3 Nc4 32. Bxd6 Nxd6 33. Qg5 Qe7 34. Qxe7 Rxe7
35. Rxa5 Bxg6 36. Ra8 Rd7 37. Rfa2 Kg7 38. R2a7 Rxa7 39. Rxa7+ N8f7 40. Rc7 Bd3
41. Kf2 Bc4 42. h4 Nb5 43. Rc6 Nfd6 44. Ke3 Ba2 45. f5 exf5 46. Kf4 Bb1 47. Ke5
Kh6 48. Kxd5 f4 49. Nf1 Be4+ 50. Kc5 Bxc6 51. Kxc6 Kh5 52. c4 Nxc4 53. Kxb5 Ne3
54. Nd2 Kxh4 1/2-1/2

[Event "PGMA Cup"]
[Site "Manila PHI"]
[Date "2008.09.07"]
[Round "1"]
[White "Yang, Kaiqi"]
[Black "Dzhumaev, Marat"]
[Result "1/2-1/2"]
[WhiteElo "2366"]
[BlackElo "2549"]
[PlyCount "154"]
[EventDate "2008.09.07"]
[EventType "swiss"]
[EventRounds "9"]
[EventCountry "PHI"]
[Source "Mark Crowther"]
[SourceDate "2008.09.22"]

1. e4 g6 2. d4 Bg7 3. Nc3 d6 4. Be3 a6 5. Qd2 Nd7 6. Nf3 b5 7. a4 b4 8. Nd5 a5
9. Bc4 e6 10. Nf4 Nb6 11. Bd3 Nf6 12. h4 Bb7 13. e5 Nfd7 14. exd6 cxd6 15. h5
e5 16. dxe5 dxe5 17. Bb5 O-O 18. Ne2 e4 19. Nfd4 Ne5 20. hxg6 hxg6 21. Bg5 Qc8
22. Qf4 Ng4 23. Rh4 Ne5 24. Rh1 f6 25. Bh6 g5 26. Qf5 Qxf5 27. Nxf5 Bxh6 28.
Rxh6 Rad8 29. Ned4 Bc8 30. Ke2 Nd5 31. g3 Bxf5 32. Nxf5 Kf7 33. Rd1 Ng4 34.
Rhh1 Nb6 35. Nd6+ Kg6 36. Nxe4 Rc8 37. Rd6 Nc4 38. Rd7 Rfe8 39. f3 Nce5 40. Rd2
Nc6 41. fxg4 Rxe4+ 42. Kf3 Rd4 43. Bd3+ Kf7 44. Rh7+ Kg8 45. Rdh2 Rcd8 46. Rh8+
Kf7 47. Rxd8 Rxd8 48. Rh7+ Ke6 49. Ke3 Ne5 50. Bf5+ Kd6 51. b3 Re8 52. Kd4 Nf3+
53. Kc4 Re5 54. Rd7+ Kc6 55. Ra7 Rc5+ 56. Kd3 Rc3+ 57. Ke2 Nd4+ 58. Kd2 Nxf5
59. gxf5 Rxg3 60. Rxa5 Rg2+ 61. Kc1 Kd6 62. Rb5 g4 63. a5 g3 64. Rxb4 Rf2 65.
Rg4 g2 66. Kb2 Kc5 67. b4+ Kb5 68. Kb3 Rf4 69. Rxg2 Rxb4+ 70. Kc3 Rf4 71. Rg8
Kxa5 72. Rb8 Rxf5 73. Kd4 Rb5 74. Ra8+ Kb6 75. Rb8+ Kc6 76. Rxb5 Kxb5 77. Kd5
Kb6 1/2-1/2